| 000 | 00821cab a2200253 4500 | ||
|---|---|---|---|
| 001 | WB3228-35 | ||
| 008 | 090401t1996 xxu||||| |||| 00| 0 eng d | ||
| 035 | _a(Sirsi) u56505 | ||
| 041 | _aeng | ||
| 245 | _aOne-stop shop authorities to be piloted | ||
| 260 | _c1996 | ||
| 350 | _a0 | ||
| 490 |
_aDoE News Release _v(311) 12 July 1996, 2(2) |
||
| 520 | _aSeveral local authorities have been selected to participate in a pilot scheme where all aspects of development approvals can be performed in one department. | ||
| 650 |
_aBUILDING CONTROL _96222 |
||
| 650 | _aDEVELOPMENT APPROVALS | ||
| 650 | _aMANAGEMENT-HEALTH AND SAFETY-FIRE SAFETY | ||
| 650 | _aLISTED BUILDINGS | ||
| 650 | _aONE-STOP SHOP | ||
| 650 | _aPILOT SCHEME | ||
| 690 | _aPLANNING LAW AND PRACTICE | ||
| 942 | _n0 | ||
| 948 | _c04/03/1997 | ||
| 999 |
_c34464 _d34464 |
||